000 00801cam a2200265 4500
001 1855735490
008 #DATE n2002 000 0 eng u
035 _a(Sirsi) u119602
041 _aeng
050 _a633
100 _aFinch, H.
245 _aLockhart and Wiseman's crop husbandry : including grassland
250 _a8th ed.
260 _aAbington
_bWoodhead
_c2002
300 _axiii,510p.
_c24cm.
350 _a35
520 _aNew edition of this standard text for land management and agri-business which considers conditions for crop growth, crop husbandry, the management of individual crops and grassland.
650 _aCROPS
650 _aGRASSLAND
650 _aLAND MANAGEMENT
690 _aRural
_96268
700 _aSamuel, A.
700 _aLane, G.
942 _n0
999 _c102335
_d102335